Engineering a low carbon built environment (Record no. 111716)

MARC details
000 -LEADER
fixed length control field 00986cad a22002175a 4500
001 - CONTROL NUMBER
control field L151897
008 - FIXED-LENGTH DATA ELEMENTS--GENERAL INFORMATION
fixed length control field 101217s2010 xxk f 000 0 eng d
020 ## - INTERNATIONAL STANDARD BOOK NUMBER
International Standard Book Number 1903496519
035 ## - SYSTEM CONTROL NUMBER
System control number (Sirsi) u151897
041 0# - LANGUAGE CODE
Language code of text/sound track or separate title eng
050 04 - LIBRARY OF CONGRESS CALL NUMBER
Classification number 333.7 $2 18
110 2# - MAIN ENTRY--CORPORATE NAME
Corporate name or jurisdiction name as entry element Royal Academy of Engineering
9 (RLIN) 1610
245 00 - TITLE STATEMENT
Title Engineering a low carbon built environment
Remainder of title the discipline of building engineering physics
Medium [electronic resource]
260 ## - PUBLICATION, DISTRIBUTION, ETC.
Place of publication, distribution, etc. London
Name of publisher, distributor, etc. RAE
Date of publication, distribution, etc. 2010
520 ## - SUMMARY, ETC.
Summary, etc. Discusses the importance of building engineering physics; applying the principles of building engineering physics to the design of buildings; building energy performance; future needs; recommendations; practice case studies.
590 ## - LOCAL NOTE (RLIN)
Local note KA NTK
651 #4 - SUBJECT ADDED ENTRY--GEOGRAPHIC NAME
Geographic name United Kingdom
Chronological subdivision
690 ## - LOCAL SUBJECT ADDED ENTRY--TOPICAL TERM (OCLC, RLIN)
Topical term or geographic name as entry element BUILT ENVIRONMENT-SUSTAINABLE CONSTRUCTION
856 40 - ELECTRONIC LOCATION AND ACCESS
Uniform Resource Identifier <a href="https://www.raeng.org.uk/education/vps/pdf/Engineering_a_low_carbon_built_environment.pdf">https://www.raeng.org.uk/education/vps/pdf/Engineering_a_low_carbon_built_environment.pdf</a>
Public note View the website free of charge at www.raeng.org.uk
942 ## - ADDED ENTRY ELEMENTS (KOHA)
Suppress in OPAC 0
Holdings
Withdrawn status Lost status Source of classification or shelving scheme Damaged status Not for loan Home library Current library Shelving location Date acquired Total Checkouts Full call number Barcode Date last seen Copy number Price effective from Koha item type
    Dewey Decimal Classification     Virtual Virtual Online 17/12/2010   ONLINE PUBLICATION 151897-1001 06/08/2019 1 06/08/2019 Book